00785nam a2200253 a 4500001001300000003000900013005001700022008004100039020002500080082001700105100002700122245003400149260004500183300000900228500003500237505002600272650003500298650002100333700002700354902000800381942000700389952011800396999001700514nice12345678IN_TiNIC20260116013939.0050524s1994 chia grp 000 0 eng  a0226875 c954.500a291.422bSEL aSells, Michael Anthony aMystical Language of Unsaying aChicagobChicago University Press c1994 a316p aincludes index and biblioraphy2 aselected bibliography aComparative Religion-Mysticism aSufism-Ibn Arabi1 aSells, Michael Anthony bSRS cBK 001040708StackRoom-aHMIbHMId2007-07-19g954.50l0o291.422 SELp018387r2007-07-19v954.50w2005-05-24yBK c13223d13223